| 000 | 00901nam a2200265 i 4500 | ||
|---|---|---|---|
| 001 | 18967 | ||
| 003 | ES-MaACL | ||
| 005 | 20250815151521.0 | ||
| 007 | t| | ||
| 008 | 020424s2001 sp ||||1| spa d | ||
| 020 | _a84-370-5136-3 | ||
| 080 | _a111.852 | ||
| 080 | _a7.01 | ||
| 100 | 1 |
_aHartmann, Eduard von, _d1842-1906 _961986 |
|
| 245 | 1 | 0 |
_aFilosofía de lo bello _b: una reflexión sobre lo inconsciente en el arte / _cEduard von Hartmann ; estudio preliminar, traducción y notas de Manuel Pérez Cornejo. |
| 260 |
_a[Valencia] : _bUniversitat de Valencia, _c[2001] |
||
| 300 |
_a382 p. ; _c20 cm. |
||
| 490 | 1 |
_aCol.lecció Estètica & crítica ; _v14 |
|
| 650 | 4 |
_aEstética. _9142387 |
|
| 700 | 1 |
_aPérez Cornejo, Manuel _990742 |
|
| 830 | 0 | 0 |
_aEstètica & crítica _v14 _9225180 |
| 852 |
_aES-MaACL _jL-25442 _bR.130222 |
||
| 942 | _2udc | ||
| 999 |
_c18967 _d18967 |
||